Benito Juárez /
Na minha lista:
| Outros Autores: | , , |
|---|---|
| Formato: | Livro |
| Idioma: | espanhol |
| Publicado em: |
Madrid, España :
Debate : Itaca,
1985, c1985
|
| Colecção: | (Protagonistas de la Civilización ;
24) |
| Assuntos: | |
| Tags: |
Sem tags, seja o primeiro a adicionar uma tag!
|
MARC
| LEADER | 00000nam^a2200000^a^4500 | ||
|---|---|---|---|
| 001 | 000187554 | ||
| 005 | 20250521000000.0 | ||
| 009 | 20260310102306.8 | ||
| 020 | |a 84-7444-167-6 | ||
| 020 | |a 84-86182-43-3 | ||
| 037 | |a Acervo ITESO - Biblioteca | ||
| 041 | |a ESP | ||
| 082 | |a 972. 0511 |b BEN | ||
| 245 | 0 | 0 | |a Benito Juárez / |c Texto de I. Belmonte... [et al.] ; tr. por E. Benítez, R. Palacios. |
| 264 | 4 | |a Madrid, España : |b Debate : |b Itaca, |c 1985, c1985 | |
| 300 | |a 78 p. | ||
| 336 | |a texto |b txt |2 rdacontenido | ||
| 337 | |a sin mediación |b n |2 rdamedio | ||
| 338 | |a volumen |b nc |2 rdasoporte | ||
| 440 | 1 | |a (Protagonistas de la Civilización ; |v 24) | |
| 649 | |a XX | ||
| 650 | |a Revolucionarios Mexicanos - |x Biografías | ||
| 650 | |a Ministros de Estado Mexicanos - |x Biografías | ||
| 650 | |a Gobernadores Mexicanos - |x Biografías | ||
| 650 | |a Jefes de Estado Mexicanos - |x Biografías | ||
| 650 | |a Políticos Mexicanos - |x Biografías | ||
| 650 | |a Liberalismo - |z México - |x Historia | ||
| 650 | |a Política - |z México - |x Historia - |y Federalismo, 1846-1853 | ||
| 650 | |a Política - |z México - |x Historia - |y Constitución y Reforma, 1855-1863 | ||
| 650 | |a Política - |z México - |x Historia - |y Intervención y Segundo Imperio, 1861-1867 | ||
| 650 | |a Política - |z México - |x Historia - |y 1867-1872 | ||
| 650 | |a Política - |z México - |x Historia - |y República Liberal, 1867-1911 | ||
| 650 | |a Política - |z México - |x Historia - |y Siglo XIX | ||
| 650 | |a México - |x Historia - |y Federalismo, 1846-1853 | ||
| 650 | |a México - |x Historia - |y Constitución y Reforma, 1855-1863 | ||
| 650 | |a México - |x Historia - |y Intervención y Segundo Imperio, 1861-1867 | ||
| 650 | |a México - |x Historia - |y 1867-1872 | ||
| 650 | |a México - |x Historia - |y República Liberal, 1867-1911 | ||
| 650 | |a México - |x Historia - |y Siglo XIX | ||
| 650 | |a Juárez, Benito | ||
| 700 | |a Belmonte, Isabel |e (texto) | ||
| 700 | |a Benítez, Esther |e (traducción) | ||
| 700 | |a Palacios, René |e (traducción) | ||
| 910 | |a Fondo General | ||
| 920 | |a Impresos - Libros | ||
| 930 | |a Colección General | ||
| 905 | |a 101 | ||
| 901 | |a 0500129766 |b IT1 |c ACC |u 20250521 | ||
| 902 | |a https://opac.biblio.iteso.mx/vufind/Record/000187554 | ||